00881cam a22002651 450000100060000000300080000600500170001400800410003103500190007203500190009104000330011004100080014308200250015110000440017624500630022025000110028326000370029430000340033149000230036565100280038865100290041694200120044599900170045795201410047425224BD-RjUL20211209050841.0140316s1966 nyub 000 0 eng  a(BD-RjUL)25293 a(BD-RjUL)25293 aDLCcFOdOCoLCdBD-RjULbeng aeng00a909.09821bEAB 19661 aEaston, Stewart Copinger,d1907-97655212aA brief history of the Western World /cStewart C. Easton. a2d ed. aNew York,bBarnes & Noblec1966. axi, 428 p. :bmaps. ;c21 cm.0 aEveryday handbooks 0aEuropexHistory.977587 0aAmericaxHistory.977588 2ddccBK c25224d25224 00102ddc40728NFICaRUCLbRUCLcReadingd1974-11-30eParagong22.50l0o909.09821 EAB 1966r2014-03-16 00:00:00tC-1w2014-03-16yBK